Word Addition, Roman Style Quiz Stats

 Plays Quiz Updated Aug 27, 2017

Challenge
Share
Tweet
Embed
Score 0/40 Timer 08:00
3 Plays Today
Clue Answer % Correct
Pub beverageale
87.5%
Forest animals like Bambideer
85.8%
Juan Carlos I of Spain, until 2014king
83.7%
Egyptian Sun GodRa
82.6%
Wild swineboar
81.9%
Highest card in a royal flushace
81.7%
+ 54 = Bring mail to a homedeLIVer
81.5%
Mel Gibson's 'Mad' characterMax
80.5%
Donald Duck nephewHuey
80.1%
+ 4 = Survivor's statusalIVe
79.8%
+ 6 = Leif Ericsson or Adrian PetersonVIking
78.6%
Nut used in southern US piespecan
77.7%
Belt out a tunesing
76.8%
+ 56 = Comic strip partner of HobbesCaLVIn
76.5%
Band 'Kings of ____'Leon
75.4%
+ 40 = 'Brave New World' authorHuXLey
75.2%
+ 151 = Pivotal point of a bookCLImax
74%
+ 51 = Louisiana state birdpeLIcan
73.8%
Slang for toilet, terminate or prisoncan
73.7%
+ 502 = Lines from the center to the edge of a circleraDII
73.1%
Clue Answer % Correct
Section of song or poetryverse
66.7%
+ 90 = Railway freight carrierboXCar
65.7%
Contends forvies
64.8%
+ 2000 = 'Grumpy Old Men' actorleMMon
64.2%
Family monikersurname
63.3%
+ 1 = Paramaribo's countrySurIname
62.6%
+ 4 = Fake Seinfeld HolidayFestIVus
62.3%
'Gunsmoke' deputy or the NBA's EzeliFestus
60.6%
+ 104 = Army slang for off-duty clothesCIVvies
60.1%
+ 506 = Recommended course of actionaDVIce
59.3%
+ 501 = VariedDIverse
58.5%
+ 551 = Walking sideways, sneakilysiDLIng
58.2%
+ 1000 = Blackjack or baccarat playergaMbler
54.2%
Ibsen protagonist HeddaGabler
54.1%
Destinedfated
52.8%
+ 9 = Obsessively attachedfIXated
49.1%
Cautious about possible dangerwary
44.6%
+ 1050 = With love and affectionwarMLy
39.7%
American North Pole explorerPeary
24.8%
+ 200 = Piglike mammalpeCCary
23.5%

You're not logged in!

Compare scores with friends on all Sporcle quizzes.
Join for Free
OR
Log In

You Might Also Like...

Show Comments

Extras

Top Quizzes Today


Score Distribution

Your Account Isn't Verified!

In order to create a playlist on Sporcle, you need to verify the email address you used during registration. Go to your Sporcle Settings to finish the process.

Report this User

Report this user for behavior that violates our Community Guidelines.

Details: